| 000 | 00467nam a2200169 i 4500 | ||
|---|---|---|---|
| 001 | 77462 | ||
| 003 | ES-MaACL | ||
| 005 | 20230906173224.0 | ||
| 007 | t| | ||
| 008 | 041018s1969 sp ||||1| rus d | ||
| 100 | 1 |
_aMaevskii, Vladimir. _975419 |
|
| 245 | 1 | 0 |
_aMonte Athos y su destino / _cVl. Maevskii. |
| 260 |
_a[Madrid : _bs.n.], _c1969 ( _fImp. G. Sèz) |
||
| 300 |
_a242 p., 2 h. ; _c24 cm. |
||
| 500 | _aTexto en ruso. | ||
| 852 |
_aES-MaACL _jC-46687 _bR.71872 |
||
| 999 |
_c77462 _d77462 |
||